header

In the mind's eye (Record no. 41542)

MARC details
000 -LEADER
fixed length control field 01402nam a2200325Ia 4500
245 00 - TITLE STATEMENT
Title In the mind's eye
260 ## - PUBLICATION, DISTRIBUTION, ETC. (IMPRINT)
Place of publication Washington, D.C. :
Name of publisher National Academy Press,
Year of publication 1991.
300 ## - PHYSICAL DESCRIPTION
Number of Pages xii, 291 p. :
Other physical details ill.
500 ## - GENERAL NOTE
General note "Committee on Techniques for the Enhancement of Human Performance, Commission on Behavioral and Social Sciences and Education, National Research Council."
650 #0 - SUBJECT ADDED ENTRY--TOPICAL TERM
Topical Term Performance
Topical Term Cognitive psychology.
700 1# - ADDED ENTRY--PERSONAL NAME
Personal name Druckman, Daniel,
Personal name Bjork, Robert A.
856 40 - ELECTRONIC LOCATION AND ACCESS
Uniform Resource Identifier http://site.ebrary.com/lib/rucke/Doc?id=10068394

No items available.

© 2026 Rongo University
Contact us: librarian | system librarian | Rongo university